| 000 | 00433nam a2200169 a 4500 | ||
|---|---|---|---|
| 005 | 20140310183218.0 | ||
| 008 | 030627s19uu xx 00 eng d | ||
| 020 | _a1863868097 | ||
| 050 |
_aPZ 7 _b.T518 1992 |
||
| 100 | _aThorpe, Kay | ||
| 245 |
_aPast all reason / _cKay Thorpe. |
||
| 260 |
_aSydney : _bHarlequin Mills & Boon, _c1992. |
||
| 300 |
_a186 p. : _c17 cm. |
||
| 650 | _aFiction | ||
| 942 |
_cBK _2lcc |
||
| 999 |
_c20255 _d20255 |
||